<?xml version="1.0" encoding="UTF-8"?>
<record
    xmlns:xsi="http://www.w3.org/2001/XMLSchema-instance"
    xsi:schemaLocation="http://www.loc.gov/MARC21/slim http://www.loc.gov/standards/marcxml/schema/MARC21slim.xsd"
    xmlns="http://www.loc.gov/MARC21/slim">

  <leader>01021nam a22002537a 4500</leader>
  <controlfield tag="005">20170124103055.0</controlfield>
  <datafield tag="010" ind1=" " ind2=" ">
    <subfield code="a">A-923365</subfield>
  </datafield>
  <datafield tag="020" ind1=" " ind2=" ">
    <subfield code="a">8185829721</subfield>
    <subfield code="c">50.00</subfield>
  </datafield>
  <datafield tag="035" ind1=" " ind2=" ">
    <subfield code="a">A-923365</subfield>
  </datafield>
  <datafield tag="037" ind1=" " ind2=" ">
    <subfield code="b">Cen Lib/Ret</subfield>
  </datafield>
  <datafield tag="040" ind1=" " ind2=" ">
    <subfield code="a">DPL</subfield>
    <subfield code="b">HN</subfield>
  </datafield>
  <datafield tag="082" ind1=" " ind2=" ">
    <subfield code="a">&#x909;</subfield>
    <subfield code="b">&#x92D;&#x91F;&#x94D;&#x91F;&#x936;&#x94D;&#x92F;&#x93E;</subfield>
  </datafield>
  <datafield tag="100" ind1=" " ind2=" ">
    <subfield code="a">&#x92D;&#x91F;&#x94D;&#x91F;, &#x936;&#x94D;&#x92F;&#x93E;&#x92E; &#x938;&#x941;&#x902;&#x926;&#x930;</subfield>
    <subfield code="9">42923</subfield>
  </datafield>
  <datafield tag="245" ind1=" " ind2=" ">
    <subfield code="a">&#x91A;&#x947;&#x924;&#x915; &#x918;&#x94B;&#x921;&#x93C;&#x947; &#x915;&#x93E; &#x938;&#x935;&#x93E;&#x930; / </subfield>
    <subfield code="c">&#x936;&#x94D;&#x92F;&#x93E;&#x92E; &#x938;&#x941;&#x902;&#x926;&#x930; &#x92D;&#x91F;&#x94D;&#x91F;</subfield>
  </datafield>
  <datafield tag="246" ind1=" " ind2=" ">
    <subfield code="a">Chetak ghode ka sawaar / </subfield>
    <subfield code="b">by Shyam Sunder Bhatt</subfield>
  </datafield>
  <datafield tag="260" ind1=" " ind2=" ">
    <subfield code="a">&#x928;&#x92F;&#x940; &#x926;&#x93F;&#x932;&#x94D;&#x932;&#x940; </subfield>
    <subfield code="c">1998</subfield>
    <subfield code="b">&#x91C;&#x94D;&#x91E;&#x93E;&#x928; &#x917;&#x902;&#x917;&#x93E;</subfield>
  </datafield>
  <datafield tag="270" ind1=" " ind2=" ">
    <subfield code="b">&#x926;&#x93F;&#x932;&#x94D;&#x932;&#x940; </subfield>
    <subfield code="a">&#x968;&#x966;&#x96A; &#x938;&#x940; &#x91A;&#x93E;&#x935;&#x930;&#x940; &#x92C;&#x93E;&#x91C;&#x93C;&#x93E;&#x930; </subfield>
    <subfield code="e">110006</subfield>
  </datafield>
  <datafield tag="300" ind1=" " ind2=" ">
    <subfield code="a">144&#x92A;&#x943;.</subfield>
    <subfield code="c">19&#x938;&#x947;&#x92E;&#x940;(&#x938;&#x91C;&#x93F;&#x932;&#x94D;&#x926; ) </subfield>
  </datafield>
  <datafield tag="650" ind1=" " ind2=" ">
    <subfield code="a"> &#x939;&#x93F;&#x902;&#x926;&#x940; &#x928;&#x93E;&#x935;&#x947;&#x932;</subfield>
    <subfield code="9">73247</subfield>
  </datafield>
  <datafield tag="650" ind1=" " ind2=" ">
    <subfield code="a">&#x939;&#x93F;&#x902;&#x926;&#x940; </subfield>
    <subfield code="x">&#x928;&#x93E;&#x935;&#x947;&#x932;</subfield>
    <subfield code="9">73248</subfield>
  </datafield>
  <datafield tag="650" ind1=" " ind2=" ">
    <subfield code="a">HIndi literature</subfield>
    <subfield code="9">73249</subfield>
  </datafield>
  <datafield tag="650" ind1=" " ind2=" ">
    <subfield code="a">Hindi litarature</subfield>
    <subfield code="x">Novel</subfield>
    <subfield code="9">73250</subfield>
  </datafield>
  <datafield tag="942" ind1=" " ind2=" ">
    <subfield code="2">ddc</subfield>
    <subfield code="c">HN</subfield>
    <subfield code="h">&#x909;</subfield>
    <subfield code="m">&#x92D;&#x91F;&#x94D;&#x91F;&#x936;&#x94D;&#x92F;&#x93E;</subfield>
  </datafield>
  <datafield tag="999" ind1=" " ind2=" ">
    <subfield code="c">117419</subfield>
    <subfield code="d">117419</subfield>
  </datafield>
  <datafield tag="952" ind1=" " ind2=" ">
    <subfield code="0">0</subfield>
    <subfield code="1">0</subfield>
    <subfield code="4">0</subfield>
    <subfield code="7">0</subfield>
    <subfield code="a">L</subfield>
    <subfield code="b">L</subfield>
    <subfield code="d">2015-09-01</subfield>
    <subfield code="g">150.00</subfield>
    <subfield code="l">1</subfield>
    <subfield code="m">2</subfield>
    <subfield code="o">&#x909; &#x92D;&#x91F;&#x94D;&#x91F;&#x936;&#x94D;&#x92F;&#x93E;</subfield>
    <subfield code="p">A-923365</subfield>
    <subfield code="r">2020-01-17 00:00:00</subfield>
    <subfield code="s">2019-12-14</subfield>
    <subfield code="t">1</subfield>
    <subfield code="v">150.00</subfield>
    <subfield code="w">2015-09-01</subfield>
    <subfield code="y">HN</subfield>
  </datafield>
</record>
